专名中所有字在其余地级行政区中均未出现的地级行政区 - Statistics

General Stats
  • This quiz has been taken 80 times
  • The average score is 14 of 27
Answer Stats
地级行政区 % Correct
邯郸市
70%
蚌埠市
66%
楚雄彝族自治州
61%
茂名市
61%
攀枝花市
61%
普洱市
61%
菏泽市
58%
百色市
57%
崇左市
55%
恩施土家族苗族自治州
55%
十堰市
55%
遵义市
52%
毕节市
51%
焦作市
51%
龙岩市
49%
娄底市
49%
吕梁市
49%
孝感市
49%
株洲市
49%
深圳市
48%
自贡市
48%
赤峰市
45%
吴忠市
42%
上饶市
36%
合肥市
34%
开封市
33%
清远市
33%
No matching quizzes found
Score Distribution
Percent of People with Each Score
Percentile by Number Answered
Your Score History
You have not taken this quiz